[Event "Vrnjacka Banja"]
[Site "Vrnjacka Banja"]
[Date "1971.??.??"]
[Round "?"]
[White "Ivkov, Borislav"]
[Black "Vaganian, Rafael A"]
[Result "1/2-1/2"]
[WhiteElo "2570"]
[BlackElo "2480"]

1.d4 Nf6 2.c4 e6 3.Nc3 Bb4 4.e3 c5 5.Bd3 O-O 6.Ne2 d5 7.a3 dxc4 8.Bxc4 cxd4
9.axb4 dxc3 10.Qxd8 Rxd8 11.Nxc3 Nc6 12.b5 Ne5 13.Be2 Nd3+ 14.Bxd3 Rxd3 15.Ke2 Rd8
16.e4 Rd4 17.Rd1 Rxd1 18.Kxd1 e5 19.Be3 a6 20.Ra5 Be6 21.bxa6 bxa6 22.f3 Bb3+
23.Kd2 Nd7 24.Nd5 Bc4 25.Ne7+ Kf8 26.Nf5 Be6 27.Bc5+ Nxc5 28.Rxc5 Rb8 29.Kc2 g6
30.Ne3 f6 31.Rc6 Rc8 32.Rxc8+ Bxc8 33.Kc3 Bd7 34.Kb4 Bb5 35.Kc5 Be2 36.Kd6 Kf7
37.h4 a5 38.Kd5 Ke7 39.Nc4 a4 40.Nb6 Bf1 41.g3 Bg2 42.Nxa4 Bxf3 43.Nc3 Bg4
44.b4 Be6+ 45.Kc6 Bd7+ 46.Kc7 f5 47.b5 Bxb5 48.Nxb5 fxe4 49.Nc3 Ke6 50.g4 e3
51.Kc6 h5 52.g5 Kf5 53.Kd6 Kg4 54.Kxe5 Kxh4 55.Kf6 Kg4 56.Kxg6 h4 57.Kf6 h3
58.g6 h2 59.g7 h1=Q 60.g8=Q+ Kh3 61.Qh7+ Kg2 62.Qe4+ Kh2 63.Qh4+ Kg2 64.Qg4+ Kf2
65.Nd1+ Ke1 66.Qb4+ Ke2 67.Qb2+ Kxd1 68.Qb3+ Ke2 69.Qc2+ Ke1  1/2-1/2

[Event "Vrnjacka Banja"]
[Site "Vrnjacka Banja"]
[Date "1971.??.??"]
[Round "?"]
[White "Ostojic, Predrag"]
[Black "Vaganian, Rafael A"]
[Result "0-1"]
[WhiteElo "2400"]
[BlackElo "2480"]

1.e4 e6 2.d4 d5 3.Nd2 c5 4.Ngf3 Nc6 5.exd5 exd5 6.Bb5 Bd6 7.dxc5 Qe7+ 8.Be2 Bxc5
9.O-O Nf6 10.Nb3 Bb6 11.Bg5 O-O 12.Qd2 Qe6 13.Bd3 Ne4 14.Qc1 Qg6 15.Bf4 Bh3
16.Ne1 Rfe8 17.Kh1 Bf5 18.Be3 d4 19.Bf4 Nb4 20.a3 Nxd3 21.Nxd3 Nf6 22.Qd2 Be4
23.Bg3 Nh5 24.Rae1 Qc6 25.f3 Bxd3 26.cxd3 Nxg3+ 27.hxg3 Re3 28.Nc1 Rc8 29.Ne2 Qg6
30.Rd1 Rce8 31.Rf2 Bc7 32.Kg1 h5 33.f4 Qg4 34.Kf1 h4 35.gxh4 Qxh4 36.Ng1 Bxf4
37.Qa5 Bg3  0-1

[Event "WchT U26"]
[Site "Graz"]
[Date "1972.??.??"]
[Round "2"]
[White "Kusky, A."]
[Black "Vaganian, Rafael A"]
[Result "0-1"]
[WhiteElo "2200"]
[BlackElo "2510"]

1.Nf3 Nf6 2.g3 d5 3.Bg2 c6 4.d3 Bf5 5.Nbd2 e6 6.O-O h6 7.c4 Nbd7 8.b3 Be7
9.Bb2 O-O 10.Qc2 a5 11.a3 Bh7 12.Rac1 Bd6 13.e4 dxe4 14.Nxe4 Nxe4 15.dxe4 Qe7
16.Rfd1 Rfd8 17.Ra1 Nf6 18.Bxf6 gxf6 19.a4 Bc5 20.Nh4 Bd4 21.Rab1 Rd7 22.Kh1 Rad8
23.f4 f5 24.e5 Be3 25.Nf3 Bg6 26.Nh4 Bh5 27.Bf3 Qxh4 28.Qe2 Bxf3+ 29.Qxf3 Rxd1+
30.Rxd1 Rxd1+ 31.Qxd1 Qg4 32.Qf1 h5 33.Kg2 h4  0-1

[Event "WchT U26"]
[Site "Graz"]
[Date "1972.??.??"]
[Round "3"]
[White "Hjertenes, Oystein"]
[Black "Vaganian, Rafael A"]
[Result "0-1"]
[WhiteElo "2200"]
[BlackElo "2510"]

1.e4 c5 2.d4 cxd4 3.c3 d5 4.exd5 Qxd5 5.cxd4 Nc6 6.Nf3 Bg4 7.Be2 e6 8.O-O Nf6
9.Nc3 Qd6 10.Qa4 Be7 11.d5 exd5 12.Rd1 Be6 13.Bf4 Qb4 14.Rac1 O-O 15.Qxb4 Bxb4
16.Nb5 Ne4 17.Ng5 Nxg5 18.Bxg5 h6 19.Bh4 a6 20.Nc7 Rac8 21.Nxd5 Bxd5 22.Rxd5 Nd4
23.Rxc8 Nxe2+ 24.Kf1 Rxc8 25.Kxe2 Rc2+ 26.Kf3 Rxb2 27.Rd8+ Kh7 28.Rd7 b5
29.Rxf7 Rxa2 30.Rc7 Bd6 31.Rb7 Be5 32.Be7 Bc3 33.g4 b4 34.Bxb4 Rb2 35.Rxg7+ Bxg7  0-1

[Event "WchT U26"]
[Site "Graz"]
[Date "1972.??.??"]
[Round "5"]
[White "Vaganian, Rafael A"]
[Black "M'Alverne Netto, R."]
[Result "1-0"]
[WhiteElo "2510"]
[BlackElo "2200"]

1.d4 Nf6 2.c4 g6 3.Nc3 Bg7 4.g3 O-O 5.Bg2 d6 6.Nf3 Nbd7 7.O-O e5 8.e4 c6
9.h3 Qb6 10.Re1 Re8 11.d5 cxd5 12.cxd5 Nc5 13.Rb1 a5 14.Be3 Bd7 15.Nd2 Rec8
16.f4 Ne8 17.fxe5 Bxe5 18.Nc4 Qc7 19.Nxe5 dxe5 20.Rf1 Nd6 21.Rf6 Be8 22.Qf3 b5
23.Bh6 b4 24.Rxg6+ hxg6 25.Qf6 Ne6 26.dxe6 fxe6 27.Ne2 Qf7 28.Qxe5 Nc4 29.Qg5 Qa7+
30.Kh1 Qc5 31.Qf6 Qe5 32.Qf8+ Kh7 33.Rf1 Ra7 34.b3 Qh5 35.Bc1 Ne5 36.Bb2 Rg7
37.Nf4 Bd7 38.Nxh5  1-0

[Event "WchT U26"]
[Site "Graz"]
[Date "1972.??.??"]
[Round "6"]
[White "Juhnke, Juergen"]
[Black "Vaganian, Rafael A"]
[Result "0-1"]
[WhiteElo "2280"]
[BlackElo "2510"]

1.e4 c5 2.Nf3 Nf6 3.e5 Nd5 4.Nc3 e6 5.Ne4 Nc6 6.c4 Nc7 7.d4 cxd4 8.Bg5 Be7
9.Nd6+ Kf8 10.Qd2 Nxe5 11.Nxe5 Bxg5 12.f4 Qf6 13.Nd3 Bh6 14.Nxc8 Rxc8 15.Qb4+ d6
16.Qxd6+ Kg8 17.g3 Qd8 18.c5 Nd5 19.Bg2 Qa5+ 20.Ke2 Rd8 21.Qe5 g6 22.Bxd5 Bg7
23.Qg5 Rxd5 24.Qe7 Qa6 25.b4 Bf8 26.Qe8 Kg7 27.b5 Qa4 28.Ne5 Qc2+ 29.Kf3 Rxe5
30.fxe5 Bxc5 31.Qd7 d3 32.Kg4 h5+ 33.Kh3 h4 34.Raf1 Bf2 35.Kg2 h3+ 36.Kf3 Qe2+
37.Kf4 g5+  0-1

[Event "WchT U26"]
[Site "Graz"]
[Date "1972.??.??"]
[Round "7"]
[White "Vaganian, Rafael A"]
[Black "De Fotis, Gregory"]
[Result "1/2-1/2"]
[WhiteElo "2510"]
[BlackElo "2425"]

1.d4 Nf6 2.c4 g6 3.Nc3 Bg7 4.g3 O-O 5.Bg2 d6 6.Nf3 Nc6 7.O-O e5 8.d5 Ne7
9.e4 a5 10.Ne1 b6 11.Bd2 Ba6 12.b3 Nd7 13.Nd3 f5 14.f3 Kh8 15.Qc2 fxe4 16.fxe4 Nf6
17.Nf2 Bc8 18.a3 Neg8 19.Qc1 Bd7 20.Nb5 Qc8 21.Be3 Ng4 22.Nxg4 Bxg4 23.Rxf8 Bxf8
24.Ra2 a4 25.b4 c6 26.Nc3 c5 27.Qf1 Qd8 28.Rb2 Bh6 29.Bxh6 Nxh6 30.bxc5 bxc5
31.Qc1 Nf7 32.Rb7 Kg8 33.Qf1 Nh6 34.Qc1 Nf7 35.Qf1 Nh6 36.h4 Rb8 37.Rxb8 Qxb8
38.Nb5 Kg7 39.Bh3 Bxh3 40.Qxh3 Qd8 41.Qe6 Qa5 42.Qd7+ Nf7 43.Nxd6 Qe1+ 44.Kg2  1/2-1/2

[Event "URS-chT Moscow"]
[Site "Moscow"]
[Date "1972.??.??"]
[Round "?"]
[White "Vaganian, Rafael A"]
[Black "Gufeld, Eduard"]
[Result "0-1"]
[WhiteElo "2510"]
[BlackElo "2525"]

1.Nf3 Nf6 2.g3 g6 3.Bg2 Bg7 4.O-O O-O 5.c4 d6 6.d4 Nc6 7.Nc3 e5 8.d5 Ne7
9.c5 e4 10.cxd6 Qxd6 11.Ng5 Nfxd5 12.Ngxe4 Qe5 13.Nxd5 Nxd5 14.Qb3 c6 15.Re1 a5
16.Nc5 Nb4 17.a3 Qxc5 18.axb4 Be6 19.bxc5 Bxb3 20.e4 a4 21.e5 Rfe8 22.Bf4 Ra5
23.Rac1 Bf8 24.Be3 Rxe5 25.Bd2 Raxc5 26.Bc3 Rxe1+ 27.Rxe1 a3 28.Bb4 a2  0-1

[Event "URS-chT Moscow"]
[Site "Moscow"]
[Date "1972.??.??"]
[Round "?"]
[White "Vaganian, Rafael A"]
[Black "Ryskin, M."]
[Result "1-0"]
[WhiteElo "2510"]
[BlackElo "2200"]

1.d4 d5 2.c4 e6 3.Nc3 Nf6 4.Bg5 Be7 5.e3 Nbd7 6.cxd5 exd5 7.Bd3 O-O 8.Nge2 c6
9.O-O Re8 10.Qc2 Nf8 11.Rab1 Nh5 12.Bxe7 Qxe7 13.b4 a6 14.a4 Qh4 15.b5 axb5
16.axb5 Re6 17.g3 Qf6 18.bxc6 bxc6 19.Kg2 g5 20.Ra1 Rxa1 21.Rxa1 Rd6 22.Ng1 Ng7
23.Ra8 Bf5 24.Nf3 Bxd3 25.Qxd3 Qe7 26.e4 dxe4 27.Nxe4 Rd5 28.Ne5 f5 29.Qc4 Ne6
30.Nxc6 Nf4+ 31.gxf4 Qxe4+  1-0

[Event "URS-JUG"]
[Site "Tbilisi"]
[Date "1973.??.??"]
[Round "1"]
[White "Vaganian, Rafael A"]
[Black "Rukavina, Josip"]
[Result "1-0"]
[WhiteElo "2500"]
[BlackElo "2450"]

1.Nf3 d6 2.d4 Bg4 3.e4 Nf6 4.Bc4 e6 5.Bg5 h6 6.Bxf6 Qxf6 7.Nbd2 Nd7 8.c3 Be7
9.h3 Bh5 10.Qb3 O-O-O 11.O-O-O g5 12.Rde1 Bg6 13.Rhf1 h5 14.g3 e5 15.d5 Qg7
16.Qa3 Kb8 17.Nb3 f5 18.Nfd2 Nb6 19.Na5 c5 20.dxc6 d5 21.Qb3 dxc4 22.Ndxc4 Bf7
23.cxb7 Qf6 24.Nc6+ Qxc6 25.Nxe5 Qe6 26.Nxf7 Qxb3 27.axb3 fxe4 28.Rxe4 Bf6
29.Rfe1 Rhf8 30.Nxd8 Rxd8 31.Re6 Rf8 32.Re8+ Rxe8 33.Rxe8+ Kxb7 34.Re6 Nd7
35.b4 Bd8 36.Kd2 Nb6 37.Kd3 Kc7 38.Rh6 h4 39.c4 Be7 40.Rh7 Kd7 41.gxh4 gxh4
42.c5 Nd5 43.Kc4 Nc7 44.b5 Ne8 45.f4 Kd8 46.f5 Kd7 47.b6 axb6 48.cxb6  1-0

[Event "URS-ch sf"]
[Site "Tbilisi"]
[Date "1973.??.??"]
[Round "2"]
[White "Vaganian, Rafael A"]
[Black "Vasiukov, Evgeni"]
[Result "1-0"]
[WhiteElo "2500"]
[BlackElo "2560"]

1.Nf3 Nf6 2.c4 c6 3.Nc3 g6 4.e4 d6 5.g3 Bg7 6.Bg2 O-O 7.O-O e5 8.d4 Qa5 9.Rb1 Nbd7
10.d5 cxd5 11.cxd5 Nb6 12.Re1 Nc4 13.Bf1 Qb4 14.a3 Nxa3 15.Ra1 Nc4 16.Ra4 Nxb2
17.Rxb4 Nxd1 18.Rxd1 Bg4 19.Kg2 Rfc8 20.Bd2 a5 21.Rxb7 Rxc3 22.Bxc3 Nxe4
23.Ba1 Nc5 24.Rbb1 e4 25.Nd2 Bxa1 26.Rxa1 Bxd1 27.Rxd1 a4 28.Nc4 Ra6 29.Rb1 Kg7
30.Na3 Ra5 31.Rb6 Nd3 32.Rxd6 Rc5 33.Ra6 Rxd5 34.Rxa4 Ne1+ 35.Kh1 f5 36.Nc4 Rd1
37.Ne3 Rb1 38.Rd4 Nd3 39.Kg1 h5 40.h4 Ra1 41.Rd7+ Kf6 42.Rd6+ Kg7 43.f3 Re1
44.fxe4 Rxe3 45.Rxd3 Rxe4 46.Rf3 Kf6 47.Kf2 Ra4 48.Bd3 Rd4 49.Ke2 Rg4 50.Bc2 Rc4
51.Bd3 Rg4 52.Kf2 Rd4 53.Kg2 Kg7 54.Be2 Re4 55.Kf2 Rb4 56.Rf4 Rb3 57.Rd4 Rc3
58.Rd7+ Kf6 59.Rd6+ Kf7 60.Bd3 Ke7 61.Rd4 Kf6 62.Ke3 Ra3 63.Kf4 Rc3 64.Be2 Rc2
65.Bf3 Rf2 66.Rd6+ Kg7 67.Ke3 Rb2 68.Kf4 Rf2 69.Rc6 Rf1 70.Rb6 Kf7 71.Ke3 Re1+
72.Kd4 Kg7 73.Bd5 Re7 74.Be6 Kf6 75.Bd5+ Kg7 76.Ra6 Re1 77.Ra7+ Kh6 78.Rb7 Re8
79.Rb6 Kg7 80.Be6 Re7 81.Ke5 Ra7 82.Rd6 Ra5+ 83.Rd5 Ra8 84.Rd7+ Kh6 85.Kf6 Rf8+
86.Rf7 Re8 87.Rd7 Rf8+ 88.Bf7 Ra8 89.Rd6 Ra3 90.Bxg6 Rxg3 91.Kf7  1-0

[Event "URS-JUG"]
[Site "Tbilisi"]
[Date "1973.??.??"]
[Round "2"]
[White "Rukavina, Josip"]
[Black "Vaganian, Rafael A"]
[Result "1/2-1/2"]
[WhiteElo "2450"]
[BlackElo "2500"]

1.Nf3 Nf6 2.g3 d5 3.Bg2 c6 4.O-O Bg4 5.h3 Bxf3 6.Bxf3 e5 7.d3 Nbd7 8.e4 dxe4
9.dxe4 Bc5 10.Nd2 O-O 11.Nb3 Bb6 12.a4 a5 13.Qe2 Qe7 14.Qc4 Rfd8 15.Kg2 Nf8
16.Qc3 h6 17.Re1 Qc7 18.Be3 Bxe3 19.Qxe3 Ne6 20.c3 c5 21.Nd2 c4 22.Be2 Nf4+
23.Kh2 Nd3 24.Bxd3 Rxd3 25.Qe2 Rad8 26.Nf3 Qd6 27.Kg2 Nd7 28.Red1 Nc5 29.Rxd3 cxd3
30.Qe3 Qb6 31.Nd2 Qc6 32.b3 f5 33.f3 f4 34.gxf4 Ne6 35.fxe5 Rf8 36.Kh1 Nf4
37.Qd4 Qg6 38.Rg1 Qh5 39.Qd7 Qxe5 40.Nc4 Qxc3 41.e5 Rf7 42.Qe8+ Rf8 43.Qd7 Rf7
44.Qe8+ Rf8 45.Qd7  1/2-1/2

[Event "URS-ch sf"]
[Site "Tbilisi"]
[Date "1973.??.??"]
[Round "3"]
[White "Furman, Semen Abramovich"]
[Black "Vaganian, Rafael A"]
[Result "1-0"]
[WhiteElo "2540"]
[BlackElo "2500"]

1.e4 c5 2.Nf3 Nf6 3.e5 Nd5 4.Nc3 e6 5.Nxd5 exd5 6.d4 Nc6 7.dxc5 Bxc5 8.Qxd5 d6
9.exd6 Qb6 10.Bd3 Bxf2+ 11.Ke2 O-O 12.d7 Nb4 13.dxc8=Q Raxc8 14.Qb3 Rfe8+
15.Kf1 Bd4 16.Bd2 Rxc2 17.Bxc2 Qa6+ 18.Bd3 Nxd3 19.Nxd4 Re4 20.Qb5  1-0

[Event "URS-ch sf"]
[Site "Tbilisi"]
[Date "1973.??.??"]
[Round "6"]
[White "Vaganian, Rafael A"]
[Black "Bronstein, David I"]
[Result "1-0"]
[WhiteElo "2500"]
[BlackElo "2570"]

1.Nf3 Nf6 2.c4 c5 3.Nc3 Nc6 4.e3 e6 5.d4 d5 6.a3 dxc4 7.Bxc4 a6 8.Bd3 cxd4
9.exd4 Be7 10.O-O O-O 11.Bc2 b6 12.Re1 Ra7 13.Qd3 Rd7 14.Be3 Bb7 15.Rad1 g6
16.Qe2 Qc7 17.Bb1 b5 18.Rc1 Rc8 19.Ba2 Qb8 20.Bg5 Qd6 21.Rcd1 Nd5 22.Ne4 Qc7
23.Bxe7 Rxe7 24.g3 Kg7 25.Qd2 Qd8 26.h4 Rec7 27.h5 Nf6 28.Neg5 Nxh5 29.Bxe6 Qf6
30.Bxc8 Rxc8 31.d5 Ne7 32.d6 Nd5 33.Qd4 Rd8 34.Ne4 Qxd4 35.Rxd4 Nb6 36.Ne5 f6
37.Nc5 fxe5 38.Ne6+ Kf6 39.Nxd8 exd4 40.Nxb7 Ng7 41.Nc5  1-0

[Event "URS-ch sf"]
[Site "Tbilisi"]
[Date "1973.??.??"]
[Round "13"]
[White "Tseshkovsky, Vitaly"]
[Black "Vaganian, Rafael A"]
[Result "0-1"]
[WhiteElo "2520"]
[BlackElo "2500"]

1.e4 e6 2.d4 d5 3.Nd2 c5 4.exd5 exd5 5.Bb5+ Nc6 6.Ngf3 Bd6 7.dxc5 Bxc5 8.O-O Ne7
9.Nb3 Bb6 10.Be3 Bxe3 11.fxe3 Bg4 12.Qd4 Bxf3 13.Bxc6+ bxc6 14.Rxf3 O-O 15.Raf1 Ng6
16.e4 dxe4 17.Qxe4 Qb6+ 18.Qd4 Rad8 19.Qf2 Ne5 20.Rf4 Rd5 21.h3 Rfd8 22.Kh2 c5
23.c4 Nd3 24.Qf3 R5d7 25.Re4 g6 26.Qe3 Kg7 27.Kg1 Rd6 28.Nc1 Qxb2 29.Re7 Rf6
30.Rxf6 Qxf6 31.Nxd3 Rxd3 32.Rxf7+ Kxf7 33.Qxd3 Qa1+ 34.Kh2 Qe5+ 35.Kh1 Ke6
36.a4 Qa1+ 37.Kh2 Qd4 38.Qb3 Ke5 39.Qb8+ Qd6 40.Qxa7 Kd4+ 41.Kg1 Kxc4 42.Qa5 Qd4+
43.Kf1 Kb3 44.Qb5+ Qb4 45.Ke2 c4 46.h4 Ka3 47.Qd7 c3 48.Qg7 c2 49.Qa1+ Kb3  0-1

[Event "URS-chT"]
[Site "Riga"]
[Date "1975.??.??"]
[Round "?"]
[White "Vaganian, Rafael A"]
[Black "Mukhin, Mikhail A"]
[Result "1/2-1/2"]
[WhiteElo "2530"]
[BlackElo "2465"]

1.Nf3 Nf6 2.c4 g6 3.Nc3 Bg7 4.g3 d5 5.cxd5 Nxd5 6.Bg2 Nb6 7.O-O Nc6 8.d3 O-O
9.a4 a5 10.Be3 Ra6 11.Rc1 Nb4 12.Qd2 c6 13.Bh6 f6 14.Bxg7 Kxg7 15.b3 Be6
16.Qb2 Bg8 17.Ne4 Nd7 18.Bh3 e6 19.Rcd1 Qe7 20.d4 Rd8 21.Nfd2 Raa8 22.Nc4 b6
23.Nc3 Rab8 24.e4 c5 25.d5 exd5 26.Nxd5 Nxd5 27.exd5 Ne5 28.Bg2 Nxc4 29.bxc4 Qd6
30.Rfe1 Re8 31.Qb5 Bf7 32.f4 Kf8 33.Bh3 Re7 34.Rb1 Be8 35.Qb3 Bf7 36.Qb2 Kg7
37.Kf2 Rbe8 38.Rxe7 Qxe7 39.Qd2 Qd6 40.Rb3 Re4 41.Bf1 Re8 42.Qb2 Rb8 43.Bh3 Qc7
44.Bg4 h5 45.Bh3 Qd6 46.Rd3 Re8 47.Bf1 Rd8 48.Rb3 Rb8 49.Bh3  1/2-1/2

[Event "WchT U26 prel-1"]
[Site "Caracas"]
[Date "1976.??.??"]
[Round "2"]
[White "Henao, Raul Fernando"]
[Black "Vaganian, Rafael A"]
[Result "1-0"]
[WhiteElo "2295"]
[BlackElo "2550"]

1.e4 c5 2.Nf3 d6 3.d4 cxd4 4.Nxd4 Nf6 5.Nc3 a6 6.Be2 e6 7.a4 b6 8.f4 Qc7
9.O-O Nbd7 10.Kh1 Bb7 11.Bd3 g6 12.Qe1 Bg7 13.Be3 O-O 14.Rd1 Nc5 15.Bg1 e5
16.fxe5 dxe5 17.Nb3 Nxd3 18.Rxd3 Nxe4 19.Nxe4 Qxc2 20.Qd2 Qc6 21.Nd6 e4 22.Rh3 Rad8
23.Rd1 e3 24.Qe2 Rxd6 25.Rxd6 Qxd6 26.Qxe3 Qc6 27.Qd2 Re8 28.Rd3 Bh6 29.Nd4 Bxd2
30.Nxc6 Re2 31.Ne7+ Kf8 32.Nd5 Bc1 33.b4 h5 34.h3 h4 35.b5 axb5 36.axb5 Re5
37.Nf6 Rxb5 38.Rd8+ Kg7 39.Bd4 Bb2 40.Rg8+ Kh6  1-0

[Event "WchT U26 fin-A"]
[Site "Caracas"]
[Date "1976.??.??"]
[Round "2"]
[White "Vaganian, Rafael A"]
[Black "Bielczyk, Jacek"]
[Result "1/2-1/2"]
[WhiteElo "2550"]
[BlackElo "2375"]

1.Nf3 d6 2.d4 Nf6 3.g3 g6 4.Bg2 Bg7 5.O-O O-O 6.a4 a5 7.b3 c6 8.Bb2 Bg4 9.Nbd2 Re8
10.e4 Nbd7 11.e5 Nd5 12.Qe2 f5 13.h3 Bxf3 14.Nxf3 dxe5 15.dxe5 e6 16.h4 h6
17.Ne1 Qc7 18.Nd3 Nb4 19.Nxb4 axb4 20.f4 h5 21.Rfd1 Bf8 22.a5 Nc5 23.Qc4 Rxa5
24.Bd4 Rb5 25.Be3 Kf7 26.Ra7 Be7 27.Rda1 Rd8 28.Kh2 Nd7 29.R1a6 Qb8 30.Bxc6 bxa6
31.Bxd7 Rxd7 32.Rxd7 Rb7 33.Rd2 Rb5 34.Qc6 Qb7 35.Qg2 Qxg2+ 36.Kxg2 Bc5 37.Kf3 Ke7
38.Rd3 Bxe3 39.Kxe3 Rc5 40.Kd2 a5  1/2-1/2

[Event "Skopje"]
[Site "Skopje"]
[Date "1976.??.??"]
[Round "6"]
[White "Vaganian, Rafael A"]
[Black "Ivanovic, Bozidar"]
[Result "1-0"]
[WhiteElo "2550"]
[BlackElo "2385"]

1.d4 g6 2.Nf3 Bg7 3.g3 d6 4.Bg2 Nd7 5.O-O e5 6.e4 Nh6 7.c3 O-O 8.a4 a5 9.Re1 f6
10.Na3 Nf7 11.Nc4 Re8 12.Qb3 Bf8 13.Be3 Kg7 14.Rad1 Qe7 15.Nh4 Kh8 16.f4 Bh6
17.Rf1 b6 18.Rf2 Ba6 19.Nd2 Bb7 20.Qc4 exd4 21.Qxd4 c5 22.Qd3 d5 23.Nf1 d4
24.cxd4 c4 25.Qxc4 Nd6 26.Qb3 Nxe4 27.Rc2 Qd6 28.Rdc1 Rad8 29.Rc7 Bd5 30.Qb5 Bf8
31.Ra7 Qe6 32.Rcc7 Re7 33.f5 gxf5 34.Bf4 Nb8 35.Ne3 Nc6 36.Rxc6 Bxc6 37.Rxe7 Bxe7
38.Qxf5 Qxf5 39.Nexf5 Bf8 40.d5  1-0

[Event "Skopje"]
[Site "Skopje"]
[Date "1976.??.??"]
[Round "9"]
[White "Jancev, Lazo"]
[Black "Vaganian, Rafael A"]
[Result "0-1"]
[WhiteElo "2200"]
[BlackElo "2550"]

1.d4 Nf6 2.c4 c5 3.Nf3 cxd4 4.Nxd4 a6 5.Nc3 e6 6.e4 Qc7 7.Be3 Bb4 8.Bd3 Bxc3+
9.bxc3 d6 10.O-O Nbd7 11.Nb3 e5 12.f3 b6 13.Qd2 a5 14.Rfd1 Ba6 15.Bf1 Ke7
16.Rab1 Rhc8 17.Na1 Ne8 18.Qf2 Bxc4 19.Bxb6 Nxb6 20.Rxb6 Bxf1 21.Kxf1 Qxc3
22.Qh4+ f6 23.Qxh7 Qc4+ 24.Ke1 Rab8 25.Rb3 a4 26.Rbd3 Rb2 27.Qh3 Qc5 28.R1d2 Rxd2
29.Kxd2 Qf2+ 30.Kd1 Rb8  0-1

[Event "Yerevan"]
[Site "Yerevan"]
[Date "1976.??.??"]
[Round "?"]
[White "Vasiukov, Evgeni"]
[Black "Vaganian, Rafael A"]
[Result "1-0"]
[WhiteElo "2580"]
[BlackElo "2550"]

1.e4 e6 2.d4 d5 3.Nc3 Bb4 4.a3 Bxc3+ 5.bxc3 c5 6.e5 Ne7 7.Nf3 Qa5 8.Bd2 Nbc6
9.a4 Bd7 10.Be2 Qc7 11.O-O O-O 12.Re1 h6 13.Bc1 b6 14.Bd3 f5 15.c4 dxc4 16.Bxc4 Na5
17.Bf1 Rfd8 18.dxc5 Bxa4 19.Qe2 b5 20.c4 Nb3 21.Ra3 Nxc1 22.Rxc1 Qxc5 23.Raa1 Rac8
24.Qb2 Qb6 25.h3 Kf7 26.Rcb1 Rc7 27.Qe2 Qc5 28.cxb5 Nd5 29.Rxa4 Nc3 30.Qc2 Nxa4
31.Qxa4 Rd5 32.h4 Qb6 33.Ra1 Rdc5 34.Qd4 Rc2 35.Ra6 Qxd4 36.Nxd4 Rb2 37.Nc6 Ke8
38.Rxa7 Rxa7 39.Nxa7 Kd7 40.Nc6 g5 41.hxg5 hxg5 42.g3  1-0

[Event "Yerevan"]
[Site "Yerevan"]
[Date "1976.??.??"]
[Round "?"]
[White "Ostojic, Predrag"]
[Black "Vaganian, Rafael A"]
[Result "0-1"]
[WhiteElo "2495"]
[BlackElo "2550"]

1.e4 e6 2.d4 d5 3.Nd2 c5 4.Ngf3 Nc6 5.exd5 exd5 6.Bb5 Bd6 7.dxc5 Bxc5 8.Nb3 Bd6
9.O-O Ne7 10.Bg5 O-O 11.Re1 Qc7 12.h3 h6 13.Bd2 Bd7 14.Bc3 Rfe8 15.a3 a6
16.Bf1 b5 17.Nbd4 Na5 18.Bb4 Nec6 19.Bxd6 Qxd6 20.Qd3 Nxd4 21.Nxd4 Nc4 22.Qc3 Rxe1
23.Rxe1 a5 24.Nf3 Be6 25.Qd4 Rc8 26.Rd1 Qc7 27.Bd3 Kf8 28.Ra1 Qd6 29.a4 b4
30.Rd1 Qc5 31.b3 Qxd4 32.Nxd4 Nb2 33.Rd2 Nxd3 34.Rxd3 Ke7 35.Kf1 Bd7 36.Ke2 Kd6
37.Kd2 Kc5 38.c3 Re8 39.Rg3 bxc3+ 40.Kxc3 Re4 41.Rd3 g5 42.f3 Re1 43.Rd2 f5
44.Kd3 f4 45.Rc2+ Kd6 46.Nb5+ Ke5 47.Rd2 Bf5+ 48.Kc3 Re3+ 49.Kb2 Bd3 50.Nc3 d4
51.Nd1 Re2 52.Kc1 Rxd2 53.Kxd2 Bf1 54.Nf2 Bxg2 55.Ke2 Kd5 56.h4 gxh4 57.Nd3 h3
58.Nxf4+ Kd6 59.Kf2 Bh1 60.Nxh3 Kc5 61.Kg3 Kb4 62.Nf2 Kxb3 63.Nxh1 Kxa4 64.f4 Kb5
65.f5 Kc6 66.Nf2 a4 67.Nd3 a3 68.Kf4 Kd6 69.Nb4 h5 70.Kg3 d3  0-1

[Event "URS-FL"]
[Site "Baku"]
[Date "1977.??.??"]
[Round "12"]
[White "Grigorian, Karen Ashotovich"]
[Black "Vaganian, Rafael A"]
[Result "1/2-1/2"]
[WhiteElo "2465"]
[BlackElo "2545"]

1.d4 Nf6 2.c4 c5 3.d5 b5 4.cxb5 a6 5.bxa6 g6 6.Nc3 Bxa6 7.Nf3 d6 8.e4 Bxf1
9.Kxf1 Bg7 10.g3 O-O 11.Kg2 Nbd7 12.h3 Qa5 13.Re1 Rfb8 14.e5 dxe5 15.Nxe5 Nxe5
16.Rxe5 Qd8 17.Re2 Rb7 18.Be3  1/2-1/2

[Event "URS-FL"]
[Site "Baku"]
[Date "1977.??.??"]
[Round "16"]
[White "Pereszupkin, Alexander"]
[Black "Vaganian, Rafael A"]
[Result "1/2-1/2"]
[WhiteElo "2395"]
[BlackElo "2545"]

1.d4 Nf6 2.c4 c5 3.Nf3 cxd4 4.Nxd4 e5 5.Nb5 d5 6.cxd5 Bc5 7.e3 O-O 8.N5c3 Bf5
9.Be2 Re8 10.O-O e4 11.Nd2 a6 12.a3 Qc7 13.Nc4 b5 14.d6 Qc8 15.Na5 Qe6 16.b4 Bxd6
17.Bb2 Nbd7 18.Nb7 Bf8 19.Qd2 Rab8 20.Na5 Ne5 21.Rad1 Kh8 22.Nd5 Rbd8 23.Bxe5 Rxd5
24.Bd4 Kg8 25.Qb2 Ng4 26.Bc3 Ne5 27.Rxd5 Qxd5 28.Bxe5 Qxe5 29.Qxe5 Rxe5 30.Rc1 Rd5
31.Nb3 g6 32.Kf1 h5 33.Rc6 Rd6 34.Rxd6 Bxd6 35.Nc5 Bxc5 36.bxc5 Kf8 37.Ke1 Ke7
38.Kd2 Ke6 39.Kc3 Kd5 40.Kb4 Bd7 41.Bd1 a5+ 42.Kxa5 Kxc5 43.Bb3 Be8 44.h4 f6
45.g3 g5 46.Be6 g4 47.Ba2 Bg6 48.Bb3 Be8 49.Be6 Kd6 50.Bf5 Kc5 51.Bxe4 Kc4
52.Kb6 Kb3 53.Kc7 Kxa3 54.Kd8 Bf7 55.Ke7 Bc4 56.Bg6 b4 57.Bxh5 b3 58.Bg6 Be2
59.h5 Bd1 60.Bf7 b2 61.Bg6 Kb3 62.h6 Bc2 63.Bxc2+ Kxc2 64.h7 b1=Q 65.h8=Q Qb7+
66.Ke6 Qc6+ 67.Kf7 f5 68.Qe5 Qf3 69.Kf6 Kd2 70.Qxf5 Ke1 71.Kg5 Kxf2 72.Qxg4 Qa8
73.e4 Qd8+ 74.Kf4 Qd2+ 75.Ke5 Qc3+ 76.Kd5 Qb3+ 77.Kd6 Qb6+ 78.Ke7 Qc7+ 79.Kf6 Qd6+
80.Kf7 Ke3 81.Qg6 Qe5 82.Qh6+ Kd3 83.g4 Qc7+ 84.Kg6 Qd6+ 85.Kh7 Qe7+ 86.Qg7 Qh4+
87.Kg8 Kxe4 88.g5 Kf5 89.g6 Qh1 90.Qf7+ Kg5 91.Qe6 Qa8+ 92.Kg7 Qa1+ 93.Kf7 Qa7+  1/2-1/2

[Event "Sao Paulo"]
[Site "Sao Paulo"]
[Date "1977.??.??"]
[Round "8"]
[White "Quinteros, Miguel A"]
[Black "Vaganian, Rafael A"]
[Result "1/2-1/2"]
[WhiteElo "2555"]
[BlackElo "2545"]

1.c4 Nf6 2.Nc3 e5 3.Nf3 Nc6 4.g3 Bb4 5.Nd5 e4 6.Nh4 O-O 7.Bg2 Re8 8.O-O d6
9.Nxb4 Nxb4 10.a3 Nc6 11.d3 h6 12.dxe4 Nxe4 13.Qc2 Qe7 14.b4 a5 15.b5 Nd4
16.Qb2 Nf5 17.Nxf5 Bxf5 18.Be3 Rad8 19.Bd4 f6 20.Rac1  1/2-1/2

[Event "URS-FL"]
[Site "Ashkhabad"]
[Date "1978.??.??"]
[Round "1"]
[White "Vaganian, Rafael A"]
[Black "Gutman, Lev"]
[Result "1-0"]
[WhiteElo "2555"]
[BlackElo "2420"]

1.Nf3 Nf6 2.c4 g6 3.Nc3 d5 4.cxd5 Nxd5 5.Qa4+ Bd7 6.Qh4 Nxc3 7.dxc3 Nc6 8.Qg3 f6
9.h4 e5 10.h5 g5 11.e4 Qe7 12.Be2 Nd8 13.Nh2 Ne6 14.Bg4 Nc5 15.Qe3 O-O-O
16.O-O Bxg4 17.Nxg4 Qe6 18.Qf3 Be7 19.Nh6 Qc4 20.Nf5 Rhe8 21.Nxe7+ Rxe7 22.Qxf6 Re6
23.Qxg5 Qxe4 24.f3 Qe2 25.Qf5 Rd1 26.Rxd1 Qxd1+ 27.Kh2 Qe1 28.c4 a5 29.b3 e4
30.Qf8+ Kd7 31.Qf7+ Kc6 32.Bf4 Qh4+ 33.Kg1 Qe7 34.Qxe7 Rxe7 35.fxe4 Rxe4
36.Rf1 Re2 37.Rf2 Re1+ 38.Kh2 Ne4 39.Rf3 Rd1 40.Re3 Nf2 41.Kg3 Nh1+ 42.Kg4 Kd7
43.Rf3 c6 44.Kh3 Ke6 45.Be3 Ra1 46.a4 Rb1 47.Bb6 Kd6 48.Kh2 c5 49.Bxa5  1-0

[Event "URS-FL"]
[Site "Ashkhabad"]
[Date "1978.??.??"]
[Round "3"]
[White "Vaganian, Rafael A"]
[Black "Timoshchenko, Gennadi A"]
[Result "1/2-1/2"]
[WhiteElo "2555"]
[BlackElo "2530"]

1.d4 Nf6 2.Nf3 g6 3.Bg5 Bg7 4.Nbd2 d5 5.e3 O-O 6.Be2 c5 7.c3 Nbd7 8.O-O b6
9.Qa4 Bb7 10.Ba6 Qc8 11.Bb5 Rd8 12.Ne5 Nxe5 13.dxe5 a6 14.Be2 Ne4 15.Nxe4 dxe4
16.Rfd1 Bxe5 17.Bxe7 Rxd1+ 18.Rxd1 Bc6 19.Qc2 Qc7 20.Bh4 Bxh2+ 21.Kf1 Be5
22.Bc4 Qb7 23.Qd2 Kg7 24.Bd5 Re8 25.a4 b5 26.Bxc6 Qxc6 27.Qd5 Re6 28.Qxc6 Rxc6
29.axb5 axb5 30.Rd5 Bd6 31.g4 f6 32.Kg2 Kf7 33.f3 exf3+ 34.Kxf3 Ke6 35.e4 b4
36.Bf2 c4 37.cxb4 Bxb4 38.Rb5 Bd6 39.Bd4 Rc8 40.Rb6 Rb8 41.Rc6 Rb3+  1/2-1/2

[Event "URS-FL"]
[Site "Ashkhabad"]
[Date "1978.??.??"]
[Round "4"]
[White "Kakageldyev, Amanmurad"]
[Black "Vaganian, Rafael A"]
[Result "1/2-1/2"]
[WhiteElo "2415"]
[BlackElo "2555"]

1.d4 Nf6 2.c4 g6 3.Nc3 d5 4.Nf3 Bg7 5.Bf4 O-O 6.Rc1 c6 7.e3 Bg4 8.Qb3 Bxf3
9.gxf3 Qd7 10.h4 e6 11.Bd3 Nh5 12.Bh2 Qe7 13.cxd5 exd5 14.Kd2 b5 15.Ne2 Qe6
16.Qc2 Rc8 17.Bxb5 a5 18.Bd3 Nd7 19.Qa4 c5 20.b3 Nb6 21.Qb5 c4 22.bxc4 dxc4
23.Be4 Ra7 24.Nc3 Bf8 25.Rhg1 Ng7 26.Rb1 Nd7 27.Bb7 Re8 28.Qd5 Qe7 29.Qxc4 Nf5
30.Ne4 Qxh4 31.Qd5 Rxe4 32.Qxe4 Qxh2 33.Qxf5 Bb4+ 34.Ke2 Rxb7 35.a3 Be1 36.Rxb7 Qxg1
37.Qxd7 Qxf2+ 38.Kd3 Qxf3 39.Rb8+ Kg7 40.Qd8 Qf1+ 41.Kc2 Qe2+ 42.Kb1  1/2-1/2

[Event "Buenos Aires ol (Men)"]
[Site "Buenos Aires"]
[Date "1978.??.??"]
[Round "?"]
[White "Lebredo, Gerardo"]
[Black "Vaganian, Rafael A"]
[Result "1/2-1/2"]
[WhiteElo "2385"]
[BlackElo "2570"]

1.Nf3 Nf6 2.g3 b5 3.Bg2 Bb7 4.O-O d5 5.c3 c5 6.a4 a6 7.axb5 axb5 8.Rxa8 Bxa8
9.Na3 Qb6 10.Ne5 Nc6 11.d4 cxd4 12.Nxc6 Bxc6 13.Qxd4 Qxd4 14.cxd4 e6 15.Bd2 Kd7
16.Nc2 Bd6 17.Ra1 Rc8 18.Nb4 Bb7 19.Ra7 Kc7 20.e3 Kb6 21.Ra1 Ne4 22.Be1 Rc4
23.Nd3 Rc2 24.Rc1 Rxc1 25.Nxc1 b4 26.f3 Nf6 27.Bf1 Nd7 28.Kf2 f6 29.Bd3 g6
30.Ke2 e5 31.Kd1 e4 32.fxe4 dxe4 33.Bc4 f5 34.Kc2 Nf6 35.h3 Nd5 36.Bxd5 Bxd5
37.h4 h6 38.b3 g5 39.hxg5 hxg5 40.Na2 Kb5 41.Kb2 Bf7 42.Kc2  1/2-1/2